Bilecik Bilecik Bilecik Bilecik Bilecik

Anadolu'nun üç ermişi: Yunus Emre, Eşrefoğlu Rumi, Niyazi-i Mısri/ (Record no. 72552)

MARC details
000 -BAŞLIK
Sabit Uzunluktaki Kontrol Alanı 01226nam a22003737a 4500
001 - KONTROL NUMARASI
Control Dosyası 0071798
003 - KONTROL NUMARASI KİMLİĞİ
Kontrol Alanı KOHA_MİRAKIL
005 - EN SON İŞLEM TARİHİ ve ZAMANI
Kontrol Alanı 20260207005027.0
007 - FİZİKSEL TANIM SABİT ALAN - GENEL BİLGİ
Sabit uzunluklu kontrol alanı ta
008 - SABİT UZUNLUKTAKİ VERİ ÖGELERİ - GENEL BİLGİ
Sabit Alan 240913b2021 tu |||gr||||#0|||0|tur |
020 ## - ISBN - ULUSLARARASI STANDART KİTAP NUMARASI
Isbn 9786257005265
040 ## - KATALOGLAMA KAYNAĞI
Özgün Kataloglama Kurumu TR-BiSEU
Kataloglama Dili tur
Çeviri Kurumu TR-BiSEU
Açıklama Kuralları rda
041 0# - DİL KODU
Metin ya da ses kaydının dil kodu tur
044 ## - YAYINLAYAN/ÜRETEN KURULUŞUN ÜLKE KODU
ISO country code tu
050 ## - SINIFLAMA ve YER NUMARASI
Sınıflama Numarası BP188.8
Yer Numarası .K37 2021
100 1# - KİŞİ ADI
Yazar Adı (Kişi adı) Kara, Mustafa.
245 1# - ESER ADI BİLDİRİMİ
Başlık Anadolu'nun üç ermişi: Yunus Emre, Eşrefoğlu Rumi, Niyazi-i Mısri/
Sorumluluk Bildirimi Mustafa Kara ; Mustafa Kara; editör Sinem Torun Kara.
264 #1 - ÜRERİM, YAYIN, DAĞITIM ve TELİF BİLDİRİMİ
Yayın yeri İstanbul :
Yayınlayan Dergah Yayınları
Yayın tarihi 2021
300 ## - FİZİKSEL TANIMLAMA
Sayfa, Cilt vb. 371 sayfa; 20 cm.
336 ## - İÇERİK TÜRÜ
Content type term metin
Content type code txt
Source rdacontent
337 ## - MEDYA TÜRÜ
Media type term aracısız
Media type code n
Source rdamedia
338 ## - TAŞIYICI TÜRÜ
Carrier type term cilt
Carrier type code nc
Source rdacarrier
490 1# - DİZİ BİLDİRİMİ
Dizi Bildirimi Dergah Yayınları ;
Cilt Numarası 874.
490 1# - DİZİ BİLDİRİMİ
Dizi Bildirimi Çağdaş İslam Düşüncesi ;
Cilt Numarası 39
500 ## - GENEL NOT
Genel Not Kaynakça var.
650 #0 - KONU BAŞLIĞI EK GİRİŞ - KONU TERİMİ
Konusal terim veya coğrafi ad Mutasavvıflar--Türkiye--Tarih.
9 (RLIN) 142206
650 #0 - KONU BAŞLIĞI EK GİRİŞ - KONU TERİMİ
Konusal terim veya coğrafi ad Tasavvuf--Türkiye--Tarih .
9 (RLIN) 27947
650 #0 - KONU BAŞLIĞI EK GİRİŞ - KONU TERİMİ
Konusal terim veya coğrafi ad Sufis--Turkey--History.
9 (RLIN) 142207
650 #0 - KONU BAŞLIĞI EK GİRİŞ - KONU TERİMİ
Konusal terim veya coğrafi ad Dervishes--Turkey--Biography.
9 (RLIN) 142208
830 1# - SERİ EK GİRİŞİ - TEKBİÇİM ESER ADI
Tekbiçim Başlık Dergah Yayınları ;
Volume number/sequential designation 874.
9 (RLIN) 11219
830 1# - SERİ EK GİRİŞİ - TEKBİÇİM ESER ADI
Tekbiçim Başlık Çağdaş İslam Düşüncesi ;
Volume number/sequential designation 39
9 (RLIN) 56456
907 ## - LOCAL DATA ELEMENT G, LDG (RLIN)
a Din
942 ## - EK GİRİŞ ÖGELERİ (KOHA)
Source of classification or shelving scheme Library of Congress Classification
Koha item type Book
Holdings
Materyal Türü Kalıcı Konum Mevcut Konum Raf Yeri Sınıflandırma Kaynağı Edinim Bilgisi Ana Konular Alt Konular Yer Numarası Demirbaş Numarası Fatura Tarihi Geri Çekilme Durumu Kayıp Durumu Hasarlı Durumu Kredi için değil Kayıt Tarih Toplam Ödünçverme Son Görülme Tarihi Son Kontrol Tarihi
Book Prof. Dr. Azmi Özcan Kütüphanesi Prof. Dr. Azmi Özcan Kütüphanesi Uluğbey Salonu Library of Congress Classification Satın FELSEFE, PSİKOLOJİ, DİN İslam, Bahailik, Teozofi vb. BP188.8 .K37 2021 0071798 02/02/2026         13/09/2024   17/03/2025 17/03/2025